000 00640nam a2200229Ia 4500
003 OSt
005 20220918185809.0
006 a|||||r|||| 00| 0
007 ta
008 220917b |||||||| |||| 00| 0 eng d
024 _a52,809
037 _cTextual
040 _aARTS
_cARTS
_beng
041 _2eng
_aeng
082 _aP13:4k, 111lK8
245 0 _aGreek English Lexicon Comp by Henry George Liddell and Robert Scott and rev nby Henry Stuart Jones
260 _aLondon
_bO U P
_c1968
300 _axlv2042p.
_ccm.
650 _aLINGUISTICS
942 _hP13:4k, 111lK8
_cTEXL
_2CC
999 _c182167
_d182167